Finančná stabilizácia a následná transformácia nemocníc diplomová práca

Uložené v:
Podrobná bibliografia
Hlavný autor: Adamečko, Michal
Korporativný autor: Národohospodárska fakulta EU. Katedra sociálneho rozvoja a práce
Ďalší autori: Pechová, Michaela, 1977-
Médium: Kniha
Jazyk:Slovak
Vydavateľské údaje: Bratislava 2014
Tagy: Pridať tag
Žiadne tagy, Buďte prvý, kto otaguje tento záznam!

MARC

LEADER 00000nbm a2200000 4500
001 0187373
005 20170201085707.7
041 0 |a slo 
044 |a SK 
245 1 0 |a Finančná stabilizácia a následná transformácia nemocníc  |b diplomová práca  |c Michal Adamečko ; školiteľ: Michaela Pechová 
264 1 |a Bratislava  |c 2014 
300 |a 61 s. 
100 1 |a Adamečko, Michal 
700 1 |a Pechová, Michaela, 1977- 
710 2 |a Národohospodárska fakulta EU. Katedra sociálneho rozvoja a práce